000 00681nam a22002417a 4500
003 UA-OsUOA
001 46301
007 ta
008 20120209b un ||||| |||| 00| 0 ukr d
100 _aКурах М.
090 _a82-1
_bК93
942 _cBK
040 _aUA-OsUOA
_bukr
_cUA-OsUOA
_dUA-OsUOA
245 _aПеред брамою
_bпоезії
300 _a120 с.
955 _a3
041 _aukr
080 _a82-1
260 _aНа чужині
_c1963
650 7 _a82 Література. Літературознавство
_2UDC
999 _c426406
_d426406